00614nam a22002057a 450000500170000001000150001702000260003203500140005803700090007208200120008110000180009324500660011125000070017726000340018427000760021830000200029450000440031470000250035870000250038320250718155304.0 aENG-146036 c380.00a9788197299551 aEN-129568 bDBAD a488223 aPinto, Xavier aTotal English/cXavier Pinto; Pamela Pinto [and] Avanti Nisha a23 aNew DelhibMorning Starc2025 a4626/18, Ansari Road, Darya GanjbNew Delhie110002k23244660l23246113 a272p.c24cm(pb) aAccording to the latest Syllabus ICSC 9 aPamela PintoeAuthor aAvanti NishaeAuthor